| 000 | 00642nam a22001697a 4500 | ||
|---|---|---|---|
| 003 | NUST | ||
| 038 | _aZafar Iqbal Malik | ||
| 082 | _a200 | ||
| 100 |
_aGhufran, Maria _9127665 |
||
| 245 |
_aCircular Economy for the Successful Implementation of Sustainable Development in the Construction Industry: A System Dynamics Approach/ _cMaria Ghufran |
||
| 264 |
_aIslamabad _b NICE (SCEE) NUST _c2024 |
||
| 300 |
_a181, p. _c35 cm. |
||
| 650 |
_aPhD-Construction Engineering & Management _9127666 |
||
| 700 |
_aSupervisor: Dr. Khurram Iqbal Ahmad Khan _9123800 |
||
| 856 | _uhttp://10.250.8.41:8080/xmlui/handle/123456789/46165 | ||
| 942 |
_2ddc _cSC |
||
| 999 |
_c612725 _d612725 |
||